000 00458nam a2200145Ia 4500
008 170224s9999 xx 000 0 und d
100 _aCarlos Capelo
245 2 _aA Simulation-Based Approach for Teaching the Systems Perspective of Strategic Performance Management
245 _cCarlos Capelo, Ana Lopes & Ana Mata
260 _bAccounting Education
260 _c2015
300 _a24:1, Pages: 1-26
650 _xAccountancy
650 _xAccounting
999 _c316126
_d316126